Developmental reading 1 / (Record no. 6000)

MARC details
000 -LEADER
fixed length control field 00517nam a22001817i 4500
003 - CONTROL NUMBER IDENTIFIER
control field URS
050 ## - LIBRARY OF CONGRESS CALL NUMBER
Classification number LB1050.53 .B47 2013
100 ## - MAIN ENTRY--PERSONAL NAME
Personal name Bernardo, Alejandro S.
245 ## - TITLE STATEMENT
Title Developmental reading 1 /
264 #1 - PRODUCTION, PUBLICATION, DISTRIBUTION, MANUFACTURE, AND COPYRIGHT NOTICE
Place of production, publication, distribution, manufacture Manila:
Name of producer, publisher, distributor, manufacturer Rex Book Store;
Date of production, publication, distribution, manufacture, or copyright notice [date of publication not identified]
264 #4 - PRODUCTION, PUBLICATION, DISTRIBUTION, MANUFACTURE, AND COPYRIGHT NOTICE
Date of production, publication, distribution, manufacture, or copyright notice ©2013
300 ## - PHYSICAL DESCRIPTION
Extent vii, 416 pages:
Other physical details illustrations;
Dimensions 26 cm.
336 ## - CONTENT TYPE
Content type term text
Content type code txt
Source rdacontent
337 ## - MEDIA TYPE
Media type term unmediated
Media type code n
Source rdamedia
338 ## - CARRIER TYPE
Carrier type term volume
Carrier type code nc
Source rdacarrier
650 ## - SUBJECT ADDED ENTRY--TOPICAL TERM
Topical term or geographic name entry element Developmental reading
942 ## - ADDED ENTRY ELEMENTS (KOHA)
Koha item type Filipiniana
Holdings
Withdrawn status Damaged status Not for loan Home library Current library Date acquired Total Checkouts Full call number Barcode Date last seen Price effective from Koha item type
      Cardona College LIbrary Cardona College LIbrary 11/08/2017   LB1050.53 .B47 2013 URSCAR-1021 11/08/2017 11/08/2017 Filipiniana
      Cardona College LIbrary Cardona College LIbrary 11/08/2017   LB1050.53 .B47 2013 URSCAR-1022 11/08/2017 12/19/2018 Filipiniana

University of Rizal System
Email us at univlibservices@urs.edu.ph

Visit our Website www.urs.edu.ph/library